000 00785nam a22002297a 4500
999 _c15343
_d15343
003 AR-CdUCM
008 190426b ||||| |||| 00| 0 spa d
020 _a978-950-02-0840-6
040 _aMUNICIPALIDAD PROVINCIAL DEL CUSCO
_cBIBLIOTECA MUNICIPAL DEL CUSCO
082 _aPI / 804. /
_bAL42
100 _aAlison, Uttley
_934386
245 _aLa conejita gris en el bosque /
260 _aBuenos Aires :
_bEl ateneo,
_c2015.
300 _a52 paginas ;
_bIlustraciones,
_c18 cm.
500 _aTitulo original : How little grey got back her tail
650 _aLiteratura infantil
_9588
650 _aLa coneja
_934387
650 _aTexto de aventura
_934344
700 _aGarcia Henriquez de Sury, Marcela (Traducción)
_934388
942 _2ddc
_cLIBROS
945 _awnts
_d2019-04-26